000 00394nam a2200133 a 4500
005 20140414093834.0
008 030610s19uu xx 00 eng d
050 _aCDR 050
_bNAT 1997
245 _aNational geographic :
_bthe '20s.
500 _a3 CD's inside January 1920-April 1923/May 1923-August 1926/Sept. 1926-December 1929
650 _aPeriodicals.
942 _cAVM
999 _c108887
_d108887